000 00562nam a22002057a 4500
003 BUBTL
008 220127b ||||| |||| 00| 0 eng d
020 _a0697352994
082 _a364/ 1997
100 _aOxford University Press
_94504
245 _aThe Oxford Hand Book of Criminology :
_bOxford University Press
250 _a8th end
260 _aNew York
_bMcGraw Hill
_cc1997
300 _a[xxiv], 614p. :
_b24cm
500 _aIncludes Index
650 _aLaw
856 _k0
_l0
_yDownload
942 _2ddc
_cBK
999 _c6647
_d6647